banner koha

Sorcao de fosforo por coloides inorganicos extraidos de dois solos da Amazonia (Registro n. 279394)

MARC details
000 -LÍDER
campo de controle de tamanho fixo 01020nac a22002897a 4500
001 - NÚMERO DE CONTROLE
campo de controle BR8602972
003 - IDENTIFICADOR DO NÚMERO DE CONTROLE
campo de controle BR-BrBNA
005 - DATA E HORÁRIO DA ÚLTIMA TRANSAÇÃO
campo de controle 20240105120428.0
008 - CAMPO DE DADOS FIXOS--INFORMAÇÃO GERAL
campo de controle de tamanho fixo 230509b bl.|||m| |||| 00| 0 por d
040 ## - FONTE DA CATALOGAÇÃO
Instituição da catalogação original BR-BrBNA
Idioma da catalogação por
Instituição que transcreveu o registro Biblioteca Nacional de Agricultura
072 ## - CÓDIGO DE CATEGORIA DE ASSUNTO
Código de Categoria de Assunto P35
090 ## - NÚMERO DE CHAMADA LOCAL
Número de chamada P35 BR8602972
100 1# - ENTRADA PRINCIPAL--NOME PESSOAL
Nome pessoal Moller, M.R.F.
100 1# - ENTRADA PRINCIPAL--NOME PESSOAL
Nome pessoal Klant, E.
110 1# - ENTRADA PRINCIPAL--NOME CORPORATIVO
Nome corporativo ou nome da jurisdição Centro de Pesquisa Agropecuaria do Tropico Umido, Belem, PA (Brasil)
245 1# - TÍTULO
Título Sorcao de fosforo por coloides inorganicos extraidos de dois solos da Amazonia
246 1# - FORMA VARIANTE DO TÍTULO
Título/título abreviado P sorption by inorganic coloids extracted from two Amazon soils
260 3# - PUBLICAÇÃO, DISTRIBUIÇÃO, ETC.
Local de publicação, distribuição, etc. Belem, PA (Brasil):
Data da publicação, distribuição, etc. 1984.
300 ## - DESCRIÇÃO FÍSICA
Extensão 16 p.
490 ## - TÍTULO DA SÉRIE
Título da série Boletim de Pesquisa - Centro de Pesquisa Agropecuaria do Tropico Umido (Brazil)
Número do volume ou designação sequencial da série no. 60
ISSN - International Standard Serial Number ISSN 0100-8102
500 ## - NOTA GERAL
Nota geral 7 illus.; 17 ref.; Summaries (En, Pt)
650 ## - ASSUNTO--TERMO TÓPICO
Cabeçalho tópico ou nome geográfico FERTILIDADE DO SOLO
650 ## - ASSUNTO--TERMO TÓPICO
Cabeçalho tópico ou nome geográfico FOSFORO
650 ## - ASSUNTO--TERMO TÓPICO
Cabeçalho tópico ou nome geográfico AMAZONAS
909 ## -
-- 202312
-- Lúcia Elande
-- 55
-- Lúcia Elande
942 ## - ELEMENTOS DE ENTRADA ADICIONADOS (KOHA)
Fonte da classificação ou esquema de arquivamento na estante Classificação AGRIS
Ocultar no OPAC Não
Tipo de material Koha Monografia Seriada
Exemplares
Situação do descarte Fonte da classificação ou esquema de arquivamento na estante Situação física Não pode ser emprestado Coleção Biblioteca de origem Biblioteca atual Localização na estante Total de empréstimos Número de telefone completo Código de barras Data de último acesso Tipo de material Koha Fonte de aquisição
  Classificação AGRIS       Biblioteca Nacional de Agricultura - Binagri Biblioteca Nacional de Agricultura - Binagri Agrobase - Acervo Geral   P35 BR8602972 P35 BR8602972 18/12/2023 Monografia Seriada Portaria Interministerial nº 164/94

BINAGRI

Telefone: (61)3218-2567/2388/3357/2097 - binagri@agro.gov.br

Ministério da Agricultura e Pecuária , Esplanada dos Ministérios, Bloco D, Anexo B, Brasília/DF, CEP: 70.043-900